<?xml version="1.0" encoding="UTF-8"?>
<collection xmlns="http://www.loc.gov/MARC21/slim">
 <record>
  <leader>00568pamaa2200181   4500</leader>
  <controlfield tag="001">0000033521</controlfield>
  <controlfield tag="005">20091015090000.0</controlfield>
  <datafield tag="020" ind1="0" ind2="0">
   <subfield code="a">0133110362 </subfield>
  </datafield>
  <datafield tag="082" ind1=" " ind2=" ">
   <subfield code="a">658.15242 CAN</subfield>
  </datafield>
  <datafield tag="090" ind1="0" ind2="0">
   <subfield code="a">HG4028.C4 </subfield>
   <subfield code="b">CAN 1996</subfield>
  </datafield>
  <datafield tag="100" ind1="1" ind2="0">
   <subfield code="a">CANADA </subfield>
  </datafield>
  <datafield tag="245" ind1="1" ind2="0">
   <subfield code="a">Capital investment analysis for engineering and management  </subfield>
   <subfield code="c">John R. Canada, William G. Sullivan and John A. White.</subfield>
  </datafield>
  <datafield tag="250" ind1="0" ind2="0">
   <subfield code="a">2nd ed.</subfield>
  </datafield>
  <datafield tag="260" ind1="0" ind2="0">
   <subfield code="a">New Jersey: </subfield>
   <subfield code="b">Prentice Hall, </subfield>
   <subfield code="c">1996.</subfield>
  </datafield>
  <datafield tag="300" ind1=" " ind2=" ">
   <subfield code="a">xx, 566p.; </subfield>
   <subfield code="c">23cm.</subfield>
  </datafield>
  <datafield tag="650" ind1="0" ind2="0">
   <subfield code="a">Capital investment -- </subfield>
   <subfield code="x">Evaluation </subfield>
  </datafield>
  <datafield tag="700" ind1="1" ind2="1">
   <subfield code="a">White, </subfield>
   <subfield code="h">John A. </subfield>
  </datafield>
  <datafield tag="700" ind1="1" ind2="1">
   <subfield code="a">Sullivan, </subfield>
   <subfield code="h">William G. </subfield>
  </datafield>
 </record>
</collection>
